<?xml version="1.0" encoding="UTF-8"?>
<record
    xmlns:xsi="http://www.w3.org/2001/XMLSchema-instance"
    xsi:schemaLocation="http://www.loc.gov/MARC21/slim http://www.loc.gov/standards/marcxml/schema/MARC21slim.xsd"
    xmlns="http://www.loc.gov/MARC21/slim">

  <leader>02943nam0a2200361 i 4500</leader>
  <controlfield tag="001">RU\NLR\BIBL_A\011591521</controlfield>
  <controlfield tag="005">20260407085008.0</controlfield>
  <datafield tag="010" ind1=" " ind2=" ">
    <subfield code="a">9785889994602</subfield>
    <subfield code="9">50</subfield>
  </datafield>
  <datafield tag="021" ind1=" " ind2=" ">
    <subfield code="a">RU</subfield>
    <subfield code="b">2017-95247</subfield>
    <subfield code="9">6838</subfield>
  </datafield>
  <datafield tag="035" ind1=" " ind2=" ">
    <subfield code="a">(RuMoRGB)009483040</subfield>
  </datafield>
  <datafield tag="035" ind1=" " ind2=" ">
    <subfield code="a">(NLR Aleph) 011591521</subfield>
  </datafield>
  <datafield tag="090" ind1=" " ind2=" ">
    <subfield code="a">10841231</subfield>
    <subfield code="c">10841231</subfield>
  </datafield>
  <datafield tag="100" ind1=" " ind2=" ">
    <subfield code="a">20180112d2017    km y0rusy50      ca</subfield>
  </datafield>
  <datafield tag="101" ind1="0" ind2=" ">
    <subfield code="a">rus</subfield>
  </datafield>
  <datafield tag="102" ind1=" " ind2=" ">
    <subfield code="a">RU</subfield>
  </datafield>
  <datafield tag="105" ind1=" " ind2=" ">
    <subfield code="a">y|||z|||010zy</subfield>
  </datafield>
  <datafield tag="200" ind1="1" ind2=" ">
    <subfield code="a">&#x410;&#x43A;&#x442;&#x443;&#x430;&#x43B;&#x44C;&#x43D;&#x44B;&#x435; &#x43F;&#x440;&#x43E;&#x431;&#x43B;&#x435;&#x43C;&#x44B; &#x440;&#x430;&#x437;&#x432;&#x438;&#x442;&#x438;&#x44F; &#x432;&#x44B;&#x441;&#x448;&#x435;&#x433;&#x43E; &#x43C;&#x435;&#x434;&#x438;&#x446;&#x438;&#x43D;&#x441;&#x43A;&#x43E;&#x433;&#x43E; &#x43E;&#x431;&#x440;&#x430;&#x437;&#x43E;&#x432;&#x430;&#x43D;&#x438;&#x44F; &#x420;&#x43E;&#x441;&#x441;&#x438;&#x438; XVIII-XXI &#x432;&#x432;.</subfield>
    <subfield code="e">&#x441;&#x431;&#x43E;&#x440;&#x43D;&#x438;&#x43A; &#x441;&#x442;&#x430;&#x442;&#x435;&#x439; &#x43D;&#x430;&#x443;&#x447;&#x43D;&#x43E;-&#x43F;&#x440;&#x430;&#x43A;&#x442;&#x438;&#x447;&#x435;&#x441;&#x43A;&#x43E;&#x439; &#x43A;&#x43E;&#x43D;&#x444;&#x435;&#x440;&#x435;&#x43D;&#x446;&#x438;&#x438; &#x441; &#x43C;&#x435;&#x436;&#x434;&#x443;&#x43D;&#x430;&#x440;&#x43E;&#x434;&#x43D;&#x44B;&#x43C; &#x443;&#x447;&#x430;&#x441;&#x442;&#x438;&#x435;&#x43C; "&#x41A; 120-&#x43B;&#x435;&#x442;&#x438;&#x44E; &#x41F;&#x435;&#x440;&#x432;&#x43E;&#x433;&#x43E; &#x421;&#x430;&#x43D;&#x43A;&#x442;-&#x41F;&#x435;&#x442;&#x435;&#x440;&#x431;&#x443;&#x440;&#x433;&#x441;&#x43A;&#x43E;&#x433;&#x43E; &#x433;&#x43E;&#x441;&#x443;&#x434;&#x430;&#x440;&#x441;&#x442;&#x432;&#x435;&#x43D;&#x43D;&#x43E;&#x433;&#x43E; &#x43C;&#x435;&#x434;&#x438;&#x446;&#x438;&#x43D;&#x441;&#x43A;&#x43E;&#x433;&#x43E; &#x443;&#x43D;&#x438;&#x432;&#x435;&#x440;&#x441;&#x438;&#x442;&#x435;&#x442;&#x430; &#x438;&#x43C;&#x435;&#x43D;&#x438; &#x430;&#x43A;&#x430;&#x434;. &#x418;. &#x41F;. &#x41F;&#x430;&#x432;&#x43B;&#x43E;&#x432;&#x430;", 9 &#x43D;&#x43E;&#x44F;&#x431;&#x440;&#x44F; 2017 &#x433;&#x43E;&#x434;&#x430;</subfield>
    <subfield code="f">&#x424;&#x435;&#x434;&#x435;&#x440;&#x430;&#x43B;&#x44C;&#x43D;&#x43E;&#x435; &#x433;&#x43E;&#x441;&#x443;&#x434;&#x430;&#x440;&#x441;&#x442;&#x432;&#x435;&#x43D;&#x43D;&#x43E;&#x435; &#x431;&#x44E;&#x434;&#x436;&#x435;&#x442;&#x43D;&#x43E;&#x435; &#x43E;&#x431;&#x440;&#x430;&#x437;&#x43E;&#x432;&#x430;&#x442;&#x435;&#x43B;&#x44C;&#x43D;&#x43E;&#x435; &#x443;&#x447;&#x440;&#x435;&#x436;&#x434;&#x435;&#x43D;&#x438;&#x435; &#x432;&#x44B;&#x441;&#x448;&#x435;&#x433;&#x43E; &#x43E;&#x431;&#x440;&#x430;&#x437;&#x43E;&#x432;&#x430;&#x43D;&#x438;&#x44F; "&#x41F;&#x435;&#x440;&#x432;&#x44B;&#x439; &#x421;&#x430;&#x43D;&#x43A;&#x442;-&#x41F;&#x435;&#x442;&#x435;&#x440;&#x431;&#x443;&#x440;&#x433;&#x441;&#x43A;&#x438;&#x439; &#x433;&#x43E;&#x441;&#x443;&#x434;&#x430;&#x440;&#x441;&#x442;&#x432;&#x435;&#x43D;&#x43D;&#x44B;&#x439; &#x43C;&#x435;&#x434;&#x438;&#x446;&#x438;&#x43D;&#x441;&#x43A;&#x438;&#x439; &#x443;&#x43D;&#x438;&#x432;&#x435;&#x440;&#x441;&#x438;&#x442;&#x435;&#x442; &#x438;&#x43C;. &#x430;&#x43A;&#x430;&#x434;. &#x418;. &#x41F;. &#x41F;&#x430;&#x432;&#x43B;&#x43E;&#x432;&#x430;" &#x41C;&#x438;&#x43D;&#x438;&#x441;&#x442;&#x435;&#x440;&#x441;&#x442;&#x432;&#x430; &#x437;&#x434;&#x440;&#x430;&#x432;&#x43E;&#x43E;&#x445;&#x440;&#x430;&#x43D;&#x435;&#x43D;&#x438;&#x44F; &#x420;&#x43E;&#x441;&#x441;&#x438;&#x439;&#x441;&#x43A;&#x43E;&#x439; &#x424;&#x435;&#x434;&#x435;&#x440;&#x430;&#x446;&#x438;&#x438;</subfield>
    <subfield code="g">[&#x43E;&#x442;&#x432;&#x435;&#x442;&#x441;&#x442;&#x432;&#x435;&#x43D;&#x43D;&#x44B;&#x439; &#x440;&#x435;&#x434;&#x430;&#x43A;&#x442;&#x43E;&#x440;: &#x434;.&#x438;&#x441;&#x442;.&#x43D;., &#x43F;&#x440;&#x43E;&#x444;. &#x418;. &#x412;. &#x417;&#x438;&#x43C;&#x438;&#x43D;]</subfield>
  </datafield>
  <datafield tag="210" ind1=" " ind2=" ">
    <subfield code="a">&#x421;&#x430;&#x43D;&#x43A;&#x442;-&#x41F;&#x435;&#x442;&#x435;&#x440;&#x431;&#x443;&#x440;&#x433;</subfield>
    <subfield code="c">&#x420;&#x418;&#x426; &#x41F;&#x421;&#x41F;&#x431;&#x413;&#x41C;&#x423;</subfield>
    <subfield code="d">2017</subfield>
  </datafield>
  <datafield tag="215" ind1=" " ind2=" ">
    <subfield code="a">152 &#x441;.</subfield>
    <subfield code="d">20</subfield>
  </datafield>
  <datafield tag="320" ind1=" " ind2=" ">
    <subfield code="a">&#x411;&#x438;&#x431;&#x43B;&#x438;&#x43E;&#x433;&#x440;. &#x432; &#x43A;&#x43E;&#x43D;&#x446;&#x435; &#x441;&#x442;.</subfield>
  </datafield>
  <datafield tag="601" ind1="0" ind2="2">
    <subfield code="a">&#x421;&#x430;&#x43D;&#x43A;&#x442;-&#x41F;&#x435;&#x442;&#x435;&#x440;&#x431;&#x443;&#x440;&#x433;&#x441;&#x43A;&#x438;&#x439; &#x433;&#x43E;&#x441;&#x443;&#x434;&#x430;&#x440;&#x441;&#x442;&#x432;&#x435;&#x43D;&#x43D;&#x44B;&#x439; &#x43C;&#x435;&#x434;&#x438;&#x446;&#x438;&#x43D;&#x441;&#x43A;&#x438;&#x439; &#x443;&#x43D;&#x438;&#x432;&#x435;&#x440;&#x441;&#x438;&#x442;&#x435;&#x442; &#x438;&#x43C;. &#x418;. &#x41F;. &#x41F;&#x430;&#x432;&#x43B;&#x43E;&#x432;&#x430;</subfield>
    <subfield code="9">2191488</subfield>
    <subfield code="3">RU\NLR\AUTH\661317349</subfield>
  </datafield>
  <datafield tag="606" ind1="1" ind2=" ">
    <subfield code="a">&#x412;&#x44B;&#x441;&#x448;&#x435;&#x435; &#x43C;&#x435;&#x434;&#x438;&#x446;&#x438;&#x43D;&#x441;&#x43A;&#x43E;&#x435; &#x43E;&#x431;&#x440;&#x430;&#x437;&#x43E;&#x432;&#x430;&#x43D;&#x438;&#x435;</subfield>
    <subfield code="x">&#x418;&#x441;&#x442;&#x43E;&#x440;&#x438;&#x44F;</subfield>
    <subfield code="y">&#x420;&#x43E;&#x441;&#x441;&#x438;&#x44F;</subfield>
    <subfield code="z">18 - 21 &#x432;&#x432;.</subfield>
    <subfield code="9">2353555</subfield>
    <subfield code="3">RU\NLR\AUTH\6601628722</subfield>
  </datafield>
  <datafield tag="686" ind1=" " ind2=" ">
    <subfield code="a">&#x420;11(2)&#x440;3&#x433;.&#x44F;431(0)</subfield>
    <subfield code="2">rubbk</subfield>
  </datafield>
  <datafield tag="686" ind1="1" ind2=" ">
    <subfield code="a">&#x427;488.94(2&#x420;)7&#x44F;431</subfield>
  </datafield>
  <datafield tag="686" ind1="1" ind2=" ">
    <subfield code="a">&#x427;488.93(2)&#x44F;431</subfield>
  </datafield>
  <datafield tag="702" ind1=" " ind2="1">
    <subfield code="a">&#x417;&#x438;&#x43C;&#x438;&#x43D;</subfield>
    <subfield code="b">&#x418;. &#x412;.</subfield>
    <subfield code="g">&#x418;&#x433;&#x43E;&#x440;&#x44C; &#x412;&#x438;&#x43A;&#x442;&#x43E;&#x440;&#x43E;&#x432;&#x438;&#x447;</subfield>
    <subfield code="4">340</subfield>
  </datafield>
  <datafield tag="711" ind1="1" ind2="2">
    <subfield code="a">"&#x41A; 120-&#x43B;&#x435;&#x442;&#x438;&#x44E; &#x41F;&#x435;&#x440;&#x432;&#x43E;&#x433;&#x43E; &#x421;&#x430;&#x43D;&#x43A;&#x442;-&#x41F;&#x435;&#x442;&#x435;&#x440;&#x431;&#x443;&#x440;&#x433;&#x441;&#x43A;&#x43E;&#x433;&#x43E; &#x433;&#x43E;&#x441;&#x443;&#x434;&#x430;&#x440;&#x441;&#x442;&#x432;&#x435;&#x43D;&#x43D;&#x43E;&#x433;&#x43E; &#x43C;&#x435;&#x434;&#x438;&#x446;&#x438;&#x43D;&#x441;&#x43A;&#x43E;&#x433;&#x43E; &#x443;&#x43D;&#x438;&#x432;&#x435;&#x440;&#x441;&#x438;&#x442;&#x435;&#x442;&#x430; &#x438;&#x43C;&#x435;&#x43D;&#x438; &#x430;&#x43A;&#x430;&#x434;&#x435;&#x43C;&#x438;&#x43A;&#x430; &#x418;. &#x41F;. &#x41F;&#x430;&#x432;&#x43B;&#x43E;&#x432;&#x430;", &#x43D;&#x430;&#x443;&#x447;&#x43D;&#x43E;-&#x43F;&#x440;&#x430;&#x43A;&#x442;&#x438;&#x447;&#x435;&#x441;&#x43A;&#x430;&#x44F; &#x43A;&#x43E;&#x43D;&#x444;&#x435;&#x440;&#x435;&#x43D;&#x446;&#x438;&#x44F; &#x441; &#x43C;&#x435;&#x436;&#x434;&#x443;&#x43D;&#x430;&#x440;&#x43E;&#x434;&#x43D;&#x44B;&#x43C; &#x443;&#x447;&#x430;&#x441;&#x442;&#x438;&#x435;&#x43C;</subfield>
    <subfield code="f">2017</subfield>
    <subfield code="9">585929</subfield>
    <subfield code="3">RU\NLR\AUTH\880461680</subfield>
  </datafield>
  <datafield tag="712" ind1="0" ind2="2">
    <subfield code="4">557</subfield>
    <subfield code="a">&#x421;&#x430;&#x43D;&#x43A;&#x442;-&#x41F;&#x435;&#x442;&#x435;&#x440;&#x431;&#x443;&#x440;&#x433;&#x441;&#x43A;&#x438;&#x439; &#x433;&#x43E;&#x441;&#x443;&#x434;&#x430;&#x440;&#x441;&#x442;&#x432;&#x435;&#x43D;&#x43D;&#x44B;&#x439; &#x43C;&#x435;&#x434;&#x438;&#x446;&#x438;&#x43D;&#x441;&#x43A;&#x438;&#x439; &#x443;&#x43D;&#x438;&#x432;&#x435;&#x440;&#x441;&#x438;&#x442;&#x435;&#x442; &#x438;&#x43C;. &#x418;. &#x41F;. &#x41F;&#x430;&#x432;&#x43B;&#x43E;&#x432;&#x430;</subfield>
    <subfield code="3">RU\NLR\AUTH\8812801</subfield>
    <subfield code="9">298499</subfield>
  </datafield>
  <datafield tag="942" ind1=" " ind2=" ">
    <subfield code="c">BOOK</subfield>
  </datafield>
  <datafield tag="980" ind1=" " ind2=" ">
    <subfield code="a">NBR</subfield>
  </datafield>
</record>
